00338 2200145 4500001002100000005001500021035002000036245002400056100001600080250000600096260004400102082000800146084001400154990002400168INLIS00000000000251720250604114201 a0010-06250001031 aTamu /cWisran Hadi0 aWisran Hadi a1 aJakarta :bPustaka Utama Grafiti,c2002 a813 a813 WIS t a02.1710 s/d 02.1719